000 05339cam a22007334i 4500
003 PE-LiUPU
005 20250731175636.0
008 150706s2008 xxka r 000 0 spa d
020 _a9780521625982
035 _a(Sirsi) i9780521625982
040 _aPE-LiUPU
_bspa
_cPE-LiUPU
_erda
049 _aPRUA
082 0 4 _a428.24
_bM95
_221
082 0 4 _a428.24
_bM95 2000
100 1 _aMurphy, Raymond,
_eautor.
245 1 0 _aGrammar in use :
_bintermediate with answers /
_cRaymond Murphy with William R. Smalzer.
250 _a2a edición.
264 1 _aNew York :
_bCambridge University Press,
_c2008.
300 _a341 páginas :
_bilustraciones ;
_c26 centímetros
300 _aCD-ROM (4)
336 _atext
_2rdacontent
337 _aunmediated
_2rdamedia
338 _avolume
_2rdacarrier
505 0 _aPresent and Past -- Present perfect and past -- Future -- Modals -- Conditionals and "wish" -- Passive -- Reported speech -- Questions and auxiliary verbs -- ing and the Infinitive -- Articles and nouns -- Pronouns and determiners -- Relative clauses -- Adjectives and adverbs -- Conjunctions and prepositions -- Prepositions -- Phrasal Verbs.
526 _aP145
526 _aP127
526 _aP97
526 _aP35
526 _aP14
526 _aP07
541 _g002-0042777;
541 _g016-0016272;
541 _g016-0016272;
541 _g016-0015648;
650 0 4 _aInglés
_xAutoaprendizaje.
650 0 4 _aInglés
_xGramática
_vProblemas, ejercicios, etc.
650 0 4 _aInglés
_xManual para extranjeros.
700 1 _aSmalzer, William R.,
_eautor.
910 _bjck
_cjvm
_d20100525
942 _2ddc
_cBOOK
949 _a428.24 M95
_wDEWEY
_c1
_i63214
_d2016-10-23
_e2016-10-23
_lCCODEBUL1
_mBUL
_n4
_p50.00
_r0
_sY
_tBOOK
_u2015-7-6
_xEDUCACION
_PP20
_0COMPRA
_o.STAFF. Colección General
949 _a428.24 M95I
_wDEWEY
_c2
_i61711
_d2015-10-12
_e2015-10-11
_lCCODEBUL1
_mBUL
_n1
_p36.00
_r0
_sY
_tBOOK
_u2015-7-6
_xEDUCACION
_PP20
_0COMPRA
_o.STAFF. Colección General
949 _a428.24 M95I
_wDEWEY
_c3
_i62164
_d2015-12-3
_e2015-12-1
_lCCODEBUL1
_mBUL
_n4
_p19.00
_r0
_sY
_tBOOK
_u2015-7-6
_xEDUCACION
_PP20
_0COMPRA
_o.STAFF. Colección General
949 _a428.24 M95I
_wDEWEY
_c4
_i62165
_d2016-11-3
_e2016-11-3
_lCCODEBUL1
_mBUL
_n7
_p19.00
_r0
_sY
_tBOOK
_u2015-7-6
_xEDUCACION
_PP20
_0COMPRA
_o.STAFF. Colección General
949 _a428.24 M95 2000
_wDEWEY
_c1
_iFJ05465
_lCCODEBUJ1
_mBUJ
_p6.90
_r0
_sY
_tBOOK
_u2018-02-07
_xEDUCACIÓN
_PP14
_0COMPRA
_o.STAFF. Colección General Juliaca
949 _a428.24 M95 2000
_wDEWEY
_c2
_iFJ05466
_lCCODEBUJ1
_mBUJ
_p6.90
_r0
_sY
_tBOOK
_u2018-02-07
_xEDUCACIÓN
_PP14
_0COMPRA
_o.STAFF. Colección General Juliaca
949 _a428.24 M95 2000
_wDEWEY
_c3
_iFJ05467
_lCCODEBUJ1
_mBUJ
_p6.90
_r0
_sY
_tBOOK
_u2018-02-07
_xEDUCACIÓN
_PP14
_0COMPRA
_o.STAFF. Colección General Juliaca
949 _a428.24 M95 2000
_wDEWEY
_c4
_iFJ05505
_lCCODEBUJ1
_mBUJ
_p6.90
_r0
_sY
_tBOOK
_u2018-02-07
_xEDUCACIÓN
_PP14
_0COMPRA
_o.STAFF. Colección General Juliaca
949 _a428.24 M95 2000
_wDEWEY
_c5
_iFJ05506
_lCCODEBUJ1
_mBUJ
_p6.90
_r0
_sY
_tBOOK
_u2018-02-07
_xEDUCACIÓN
_PP14
_0COMPRA
_o.STAFF. Colección General Juliaca
994 _aC0
_bPEPRU
596 _a1 3
999 _a428.24 M95
_wDEWEY
_c50883
_i63214
_d50883
_e2019-6-6
_f2021-11-5
_g5
_lCCODEBUL1
_mBUL
_n6
_p50.00
_q5
_r0
_sY
_tBOOK
_u2015-7-6
_xBIBLIOTECA
_PP20
_0COMPRA
_o.STAFF. Colección General
999 _a428.24 M95I
_wDEWEY
_c2
_i61711
_d2015-10-12
_e2015-10-11
_f2021-11-5
_g5
_lCCODEBUL1
_mBUL
_n1
_p36.00
_r0
_sY
_tBOOK
_u2015-7-6
_xBIBLIOTECA
_PP20
_0COMPRA
_o.STAFF. Colección General
999 _a428.24 M95I
_wDEWEY
_c3
_i62164
_d2015-12-3
_e2015-12-1
_f2021-11-8
_g5
_lCCODEBUL1
_mBUL
_n4
_p19.00
_r0
_sY
_tBOOK
_u2015-7-6
_xEDUCACION
_PP20
_0COMPRA
_o.STAFF. Colección General
999 _a428.24 M95I
_wDEWEY
_c4
_i62165
_d2020-1-22
_e2019-1-21
_f2021-11-8
_g5
_lCCODEBUL1
_mBUL
_n8
_p19.00
_q1
_r0
_sY
_tBOOK
_u2015-7-6
_xEDUCACION
_PP20
_0COMPRA
_o.STAFF. Colección General
999 _a427.02 M95 2000
_wDEWEY
_c1
_iFJ05465
_d2019-6-3
_e2017-11-3
_f2022-1-19
_g2
_lCCODEBUJ1
_mBUJ
_n1
_p6.90
_q5
_r0
_sY
_tBOOK
_u2017-1-17
_xBIBLIOTECA
_zUNKNOWN
_0COMPRA
_o.STAFF. Colección General Juliaca
999 _a427.02 M95 2000
_wDEWEY
_c2
_iFJ05466
_d2022-5-24
_e2022-5-17
_f2022-1-19
_g3
_lCCODEBUJ1
_mBUJ
_n1
_p6.90
_r0
_sY
_tBOOK
_u2017-1-17
_xBIBLIOTECA
_zUNKNOWN
_0COMPRA
_o.STAFF. Colección General Juliaca
999 _a427.02 M95 2000
_wDEWEY
_c3
_iFJ05467
_d2017-11-8
_e2017-10-31
_f2022-1-19
_g3
_lCCODEBUJ1
_mBUJ
_n1
_p6.90
_q5
_r0
_sY
_tBOOK
_u2017-1-17
_xBIBLIOTECA
_zUNKNOWN
_0COMPRA
_o.STAFF. Colección General Juliaca
999 _a428 M95
_wDEWEY
_c1
_iFJ05505
_f2022-1-19
_g4
_lCCODEBUJ1
_mBUJ
_p6.90
_r0
_sY
_tBOOK
_u2017-1-17
_xEDUCACION
_PP14
_0COMPRA
_o.STAFF. Colección General Juliaca
999 _a428 M95
_wDEWEY
_c2
_iFJ05506
_d2017-11-8
_e2017-5-22
_f2022-1-19
_g4
_lCCODEBUJ1
_mBUJ
_n1
_p6.90
_q3
_r0
_sY
_tBOOK
_u2017-1-17
_xBIBLIOTECA
_zUNKNOWN
_0COMPRA
_o.STAFF. Colección General Juliaca
980 _81
_gALBERTO SANCHEZ Responsable de Automatización